| 000 | 00729nam a22002417a 4500 | ||
|---|---|---|---|
| 003 | CHAP | ||
| 005 | 20220329140741.0 | ||
| 008 | 971013s1965 r 00010 d | ||
| 010 | _a57036 | ||
| 011 | _a58008 | ||
| 035 | _a62163 | ||
| 040 | _cCHAP | ||
| 082 |
_a641.1 _bS24 |
||
| 100 | 0 | 0 |
_aSchuphan, Werner. _9103248 |
| 245 |
_aNutritional values in crops and plants _b: problems for producers and consumers |
||
| 260 |
_aLondon : _bFaber and Faber, _c1965 |
||
| 590 |
_aBATCH-UPD _b10 _c20130110 _lUCH01 _h0705 |
||
| 590 |
_aCONVERSION _b10 _c20130109 _lUCH01 _h1331 |
||
| 650 | 1 | 4 |
_aAlimentos _xValor nutritivo. _94298 |
| 901 | _aBK | ||
| 942 | _cLIBRO | ||
| 949 |
_a641.1 S24 _bBC _cLIBRO _d33724000140042 _eLIBRO _h24889 _i62163 _si |
||
| 999 |
_c57036 _d57036 |
||